La moral cambia /

Estudio sobre la moral cristiana que, por su naturaleza es tradición permanente y cambio constante, ya que, como la teología, le debe fidelidad a Dios y fidelidad al hombre.

שמור ב:
מידע ביבליוגרפי
מחבר ראשי: Donval, Albert (autor)
פורמט: ספר
שפה:ספרדית
יצא לאור: Santander, España : Sal Terrae, 1977, c1977
סדרה:(Alcance ; 5)
נושאים:
תגים: הוספת תג
אין תגיות, היה/י הראשונ/ה לתייג את הרשומה!

MARC

LEADER 00000nam^a2200000^a^4500
001 000391259
005 20250521000000.0
009 20260310121210.373
020 |a 84-293-0490-8 
037 |a Acervo Xavier Clavigero 
041 |a ESP 
082 |a 241.  |b DON 
100 |a Donval, Albert  |e (autor) 
245 1 3 |a La moral cambia /  |c A. Donval ; tr. por José M. González. 
264 4 |a Santander, España :  |b Sal Terrae,  |c 1977, c1977 
300 |a 108 p. 
336 |a texto  |b txt  |2 rdacontenido 
337 |a sin mediación  |b n  |2 rdamedio 
338 |a volumen  |b nc  |2 rdasoporte 
440 1 |a (Alcance ;  |v 5) 
500 |a Traducción de: La morale change 
520 |a Estudio sobre la moral cristiana que, por su naturaleza es tradición permanente y cambio constante, ya que, como la teología, le debe fidelidad a Dios y fidelidad al hombre. 
561 |a Ex libris de Instituto de Literatura Puente Grande, Jal. 
561 |a Ex libris de Biblioteca Juniorado San José 
649 |a XX 
650 |a Vida Cristiana 
650 |a Vida Cotidiana 
650 |a Comportamiento Social 
650 |a Valores 
650 |a Axiología 
650 |a Normas Morales 
650 |a Etica Cristiana -  |x Tema Principal 
650 |a Teología 
650 |a Catolicismo 
650 |a Cristianismo 
650 |a Religión 
910 |a Fondo General 
920 |a Impresos - Libros 
930 |a Colección General 
905 |a 101 
901 |a 018612  |b IT1  |c ACC  |u 20250521 
901 |a 008882  |b IT1  |c ACC  |u 20250521 
902 |a https://opac.biblio.iteso.mx/vufind/Record/000391259